General Anthropology/ (Record no. 180044)

MARC details
000 -LEADER
fixed length control field 00544nam a22001817a 4500
005 - DATE AND TIME OF LATEST TRANSACTION
control field 20210722122913.0
010 ## - LCCN (DPL NO)
LC control number ENG-129613
020 ## - INTERNATIONAL STANDARD BOOK NUMBER
International Standard Book Number 978-81-927999-2-6
Terms of availability 1180.00
035 ## - SYSTEM CONTROL NUMBER
System control number EN-113145
037 ## - SOURCE OF ACQUISITION
Source of stock number/acquisition DBAD/PUB
082 ## - DEWEY DECIMAL CLASSIFICATION NUMBER
Classification number 301
100 ## - MAIN ENTRY--PERSONAL NAME
Personal name Reddy, V Rami
245 ## - TITLE STATEMENT
Title General Anthropology/
Statement of responsibility, etc By V. Rami Reddy
260 ## - PUBLICATION, DISTRIBUTION, ETC. (IMPRINT)
Place of publication, distribution, etc Andhra Pradesh
Name of publisher, distributor, etc V.Indira
Date of publication, distribution, etc 2018
270 ## - ADDRESS
Address 8-30,Vidyanagar,
City Svunt colony, Tirupati, Andhra Pradesh
Postal code 517502
300 ## - PHYSICAL DESCRIPTION
Extent 289p.
Dimensions 26cm(pbk)
Other physical details Bibliography
942 ## - ADDED ENTRY ELEMENTS (KOHA)
Source of classification or shelving scheme Dewey Decimal Classification
Item type English Books
Classification part 301
Call number suffix RED
Holdings
Withdrawn status Lost status Not for loan Collection code Home library Current library Date acquired Source of acquisition Cost, normal purchase price Full call number Barcode Copy number Cost, replacement price Koha item type
      Non-fiction Central Library Central Library 22/07/2021 DBAD/PUB 1180.00 301 RED EN-113145 1 1180.00 English Books

© Delhi Public Library
Hit Counter
free hit counter